| 000 | 00939nam a22001097a 4500 | ||
|---|---|---|---|
| 999 |
_c2818 _d2818 |
||
| 008 | 180820b ||||| |||| 00| 0 eng d | ||
| 100 | _aLarson, William | ||
| 245 | _aPhilatelic Sidelines Handbook Number 2 | ||
| 260 | _bPhilatelic Sidelines Handbooks | ||
| 500 | _3The Medicine Stamps [Holcombe]; Some Curious Weeds [Stirling]; U.S. revenue Taxpaids Handbook & Catalogue: Hydrometer Labels [Larsen]; Provisional Proprietary Stamps of the United States, Part II Provisional Match Stamps [Nast]; ?Firsts? in the United States Post Office [Konweiser]; Shift Hunter Letters [C.W. Bedford records]; Philatelic Phantoms of Canada [Richardson]; A Samuel Allen Taylor Fraud that was Conterfeited [Spying Eye]; Oval ?Way? Markings [Konweiser]; Foreign Revenue Notes [Forbin]; Palestine Revenues: A Study and Listing [Larsen]; Private Express Companies | ||
| 650 | _aCinderella Material | Revenues | Locals and Private Posts | Bogus Issues | United States | ||